000 00560nam a22001817a 4500
003 BD-DhJNU
005 20250410131354.0
008 250410b |||||||| |||| 00| 0 eng d
040 _aBD-DhJNU
_bENG
_cBD-DhJNU
_dBD-DhJNU
082 _223
_a577.88
100 _aThomlinson, Ralph
245 _aPopulation dynamics:
_bcauses and consequences of world demographic change /
_cRalph Thomlinson
260 _aNew York :
_bRandom House,
_c1965.
300 _axxiii, 576 p. :
_bill. ;
_c24 cm.
504 _aincludes index
650 _aPopulation
942 _2ddc
_cBK
_n0
999 _c1567
_d1567